| 000 | 00604nam a2200145 4500 | ||
|---|---|---|---|
| 999 |
_c13983 _d13983 |
||
| 008 | 190724b ||||| |||| 00| 0 eng d | ||
| 082 |
_22019 _aUT1328 _bAn52 |
||
| 100 |
_aAniong, Mea Angelie M _938922 |
||
| 245 |
_aEVERY CLOUD HAS A SILVER LINING: _bEXPERIENCES, GAPS AND CHALLENGES AMONG TEACHERS IN HANDLING SPECIAL EDUCATION STUDENTS/ _c Mea Angelie M. Aniong, NiƱa Hyacinth Joy Osorno and Dary Jean J.Verallo |
||
| 260 |
_aDIGOS CITY: _bUMDC _cMarch 2019 |
||
| 300 |
_a62 _c30 cm. |
||
| 650 |
_2Education _aPE _vUndergraduate Thesis _938923 |
||
| 700 |
_aAniong, Mea Angelie M. _938922 |
||
| 942 |
_2ddc _cUT |
||